000 00714nam a2200277Ia 4500
005 20250425162048.0
008 250425s9999 xx 000 0 und d
020 _a0121727408
041 _aeng
082 _a664.946
100 _aCHICHESTER, C. O.
245 0 _aMICROBIAL SAFETY OF FISHERY PRODUCTS
250 _aS.E.
260 _aEstados Unidos
_bACADEMIA PRESS
_c1973
260 _aNEW YORK
300 _a334
500 _aCONSULTAR inv.25243 EN BIBTEC
650 _aCONSERVACION DEL PESCADO
650 _aPESCADO COMO ALIMENTO
650 _aPRODUCTOS PESQUEROS
650 _aRECURSOS PESQUEROS
650 _aSANITIZACION
700 _aGRAHAM, H. D.
942 _c01
010 _a45334
999 _c221595
_d221595